Real time UML : (Record no. 3083)

MARC details
000 -LEADER
fixed length control field 00788cam a22002292 4500
001 - CONTROL NUMBER
control field 0000006262
005 - DATE AND TIME OF LATEST TRANSACTION
control field 20151217145831.0
008 - FIXED-LENGTH DATA ELEMENTS--GENERAL INFORMATION
fixed length control field 071008s xx 000 0 eng d
020 ## - INTERNATIONAL STANDARD BOOK NUMBER
International Standard Book Number 8131700798 :
Terms of availability KES 3360
040 ## - CATALOGING SOURCE
Original cataloging agency KABU
Transcribing agency KABU
100 1# - MAIN ENTRY--PERSONAL NAME
Personal name Douglass, Bruce Powel.
-- 0000157670
245 10 - TITLE STATEMENT
Title Real time UML :
Remainder of title advances in the UML for real-time systems. /
Statement of responsibility, etc. Bruce Powel Douglass.
250 ## - EDITION STATEMENT
Edition statement 3rd ed.
260 ## - PUBLICATION, DISTRIBUTION, ETC. (IMPRINT)
Place of publication, distribution, etc. New Delhi :
Name of publisher, distributor, etc. Pearson Education,
Date of publication, distribution, etc. 2004.
300 ## - PHYSICAL DESCRIPTION
Extent xlix, 694 p. ;
Dimensions .
650 #0 - SUBJECT ADDED ENTRY--TOPICAL TERM
Topical term or geographic name as entry element Real time
General subdivision Data processing.
-- 0000157671
650 #0 - SUBJECT ADDED ENTRY--TOPICAL TERM
Topical term or geographic name as entry element Object-oriented methods(computer science)
-- 0000157672
908 ## - PUT COMMAND PARAMETER (RLIN)
Put command parameter 071008
950 ## - LOCAL HOLDINGS (RLIN)
-- 1
Holdings
Withdrawn status Lost status Source of classification or shelving scheme Not for loan Home library Current library Date acquired Total Checkouts Full call number Barcode Date last seen Price effective from Koha item type
    Library of Congress Classification   Kabarak, Main Campus Kabarak, Main Campus 17/12/2015   QA76.54 .D68 2004 002139 17/12/2015 17/12/2015 General Collection
    Library of Congress Classification   Kabarak, Main Campus Kabarak, Main Campus 17/12/2015   QA76.54 .D68 2004 002140 17/12/2015 17/12/2015 General Collection
Designed with assistance from East African Informatics Ltd